000 00512nam a22002057a 4500
001 25479
005 20260420172640.0
008 260420b |||||||| |||| 00| 0 spa d
041 _aESP
082 _a985.4
_bA69
100 _aEspinoza de la Borda, Alvaro
245 _aArequipa a través del tiempo: política, cultura y sociedad
260 _a :
_b ,
_c2008
300 _a169 páginas :
_b ;
_c20 cm.
440 _a ;
650 _aLYR
654 _aCHU
700 _a;
942 _cLIB
_dJUS
_fJUS
_n0
_2ddc
999 _c25479
_d25479